[Event "World op"]
[Site "Philadelphia"]
[Date "1992.??.??"]
[Round "4"]
[White "Gurevich, Dmitry"]
[Black "Wygle, Steve"]
[Result "1-0"]
[WhiteElo "2515"]
[BlackElo "2340"]

1.d4 Nf6 2.c4 e6 3.g3 d5 4.Bg2 Be7 5.Nf3 O-O 6.O-O dxc4 7.Qc2 a6 8.a4 Bd7
9.Nbd2 Bc6 10.a5 b5 11.axb6 cxb6 12.Nxc4 b5 13.Na5 Be4 14.Qc3 Nd5 15.Qb3 Bb4
16.Bd2 Bxd2 17.Nxd2 Bxg2 18.Kxg2 Qb6 19.e4 Ne7 20.Nf3 Nbc6 21.Nxc6 Qxc6 22.Rfe1 Rfc8
23.Qb4 Qb7 24.Qd2 h6 25.Rad1 Rd8 26.h4 a5 27.Rc1 b4 28.Ne5 Rac8 29.Qf4 Nc6
30.Nxc6 Rxc6 31.Rxc6 Qxc6 32.Rc1 Qd6 33.Qxd6 Rxd6 34.Rc4 Rb6 35.Rc8+ Kh7
36.Ra8 Rd6 37.d5 exd5 38.e5 Rc6 39.Rxa5 Rc2 40.b3 Rb2 41.Rxd5 Rxb3 42.Rd7 Kg8
43.Rd8+ Kh7 44.Rf8 Kg6 45.h5+ Kxh5 46.Rxf7 Kg6 47.Rf8 Rb1 48.f4 b3 49.g4 b2
50.Rb8 Kf7 51.f5 Ke7 52.e6 Kd6 53.Rb7 Kc6 54.Rb3 Kd6 55.Rb8 Kc7 56.e7 Re1
57.Rxb2 Rxe7 58.Kg3 Kd7 59.Rb8 Kd6 60.Kh4 Ke5 61.Rb6 Kf4 62.f6 Rf7 63.fxg7 Rxg7
64.Rf6+ Ke5 65.Rxh6 Kf4 66.Rf6+ Ke5 67.Rf8 Ke6 68.Kh5 Ke7 69.Rf4  1-0

[Event "Rubinstein mem"]
[Site "Polanica Zdroj"]
[Date "1992.??.??"]
[Round "6"]
[White "Cifuentes Parada, Roberto"]
[Black "Flear, Glenn C"]
[Result "1-0"]
[WhiteElo "2490"]
[BlackElo "2505"]

1.d4 d5 2.c4 e6 3.Nf3 Nf6 4.g3 Be7 5.Bg2 O-O 6.O-O Nbd7 7.Qc2 c6 8.Nbd2 b6
9.e4 Ba6 10.e5 Ne8 11.Re1 Rc8 12.Bf1 Nc7 13.b3 dxc4 14.Nxc4 Nd5 15.Qe4 b5
16.Ne3 Re8 17.h4 Nf8 18.Nxd5 cxd5 19.Qg4 Rc6 20.h5 f5 21.exf6 Bxf6 22.Bd2 Qd6
23.a3 Qd7 24.Bd3 Qf7 25.Ne5 Bxe5 26.Rxe5 Nd7 27.Rg5 Nf6 28.Qe2 Rf8 29.Bb4 Rfc8
30.Re1 Rc1 31.h6 g6 32.Re5 Rxe1+ 33.Qxe1 Ng4 34.Re2 Rc6 35.Qd2 Qf6 36.Bc5 e5
37.Qa5 e4 38.Bxb5 Bxb5 39.Qxb5 Rc8 40.Qb7 Rd8 41.Qg7+ Qxg7 42.hxg7 Rd7 43.b4 a6
44.a4 Nf6 45.Rb2 Ne8 46.b5 axb5 47.Rxb5 Nc7 48.Rb7 Rxg7 49.Ra7  1-0

[Event "Polanica Zdroj op"]
[Site "Polanica Zdroj"]
[Date "1992.??.??"]
[Round "6"]
[White "Grabarczyk, Bogdan"]
[Black "Appolonov, Sergei"]
[Result "1-0"]
[WhiteElo "2260"]
[BlackElo "2305"]

1.d4 d5 2.c4 e6 3.Nf3 Nf6 4.g3 Be7 5.Bg2 O-O 6.O-O c6 7.Qc2 b6 8.Nbd2 Bb7
9.e4 Na6 10.a3 Rc8 11.b4 c5 12.dxc5 bxc5 13.b5 Nc7 14.exd5 exd5 15.Ne5 Ne6
16.Bb2 Bd6 17.cxd5 Bxe5 18.Bxe5 Bxd5 19.Bxf6 gxf6 20.Ne4 Nd4 21.Qd3 f5 22.Nf6+ Qxf6
23.Bxd5 Rfd8 24.Qc4 Nxb5 25.Bxf7+ Qxf7 26.Qxb5 c4 27.Rfd1 Rxd1+ 28.Rxd1 c3
29.Qa6 Rc7 30.Rd8+ Kg7 31.Qd6 Qe7 32.Qd4+ Kf7 33.Qd5+ Kg7 34.Qg8+ Kh6 35.h4 Qg7
36.Rd6+ Kh5 37.Qe8+ Kg4 38.Qe2+ Kh3 39.Qf1+ Kg4 40.Kg2 f4 41.Qe2+  1-0

[Event "Porz"]
[Site "Porz"]
[Date "1992.??.??"]
[Round "2"]
[White "Grimm, Sascha"]
[Black "Morawietz, Dieter"]
[Result "1/2-1/2"]
[WhiteElo "2325"]
[BlackElo "2320"]

1.Nf3 Nf6 2.c4 e6 3.g3 d5 4.d4 Be7 5.Bg2 O-O 6.O-O dxc4 7.Qc2 a6 8.Qxc4 b5
9.Qc2 Bb7 10.Bd2 Be4 11.Qc1 Qc8 12.Bg5 c5 13.Nbd2 Bb7 14.dxc5 Qxc5 15.Nb3 Qxc1
16.Raxc1 Bd5 17.Ne5 Bxg2 18.Kxg2 h6 19.Be3 Nd5 20.Bc5 Bxc5 21.Nxc5 Ra7 22.Ncd3 Ne7
23.Nb4 a5 24.Nbc6 Nbxc6 25.Nxc6 Nxc6 26.Rxc6 Rd8 27.Rfc1 Rd2 28.Rc8+  1/2-1/2

[Event "Bohemians (Women)"]
[Site "Prague"]
[Date "1992.??.??"]
[Round "1"]
[White "Van Parreren, Hanneke"]
[Black "Horvath, Maria"]
[Result "1-0"]
[WhiteElo "2135"]
[BlackElo "2050"]

1.d4 Nf6 2.c4 e6 3.g3 d5 4.Bg2 Be7 5.Nf3 O-O 6.O-O b6 7.Ne5 Bb7 8.Nc3 c6
9.e4 Na6 10.Bf4 Bb4 11.Bg5 Be7 12.Qa4 Rc8 13.Rfd1 dxc4 14.Qxc4 Qc7 15.Rac1 Rfd8
16.Qe2 h6 17.Bf4 g5 18.Be3 c5 19.Ng4 Nxg4 20.Qxg4 e5 21.d5 Qd7 22.Qh5 Qd6
23.Bh3 Ra8 24.Bf5 Bc8 25.h4 Bxf5 26.exf5 gxh4 27.Ne4 Qd7 28.Bxh6  1-0

[Event "CSR-ch"]
[Site "Prague"]
[Date "1992.??.??"]
[Round "2"]
[White "Hudecek, Jan"]
[Black "Cech, Pavel"]
[Result "0-1"]
[WhiteElo "2285"]
[BlackElo "2315"]

1.d4 d5 2.Nf3 Nf6 3.c4 e6 4.g3 Be7 5.Bg2 O-O 6.O-O dxc4 7.Na3 Bd7 8.Ne5 Bc6
9.Nxc6 Nxc6 10.e3 Bxa3 11.bxa3 Nd5 12.Qc2 b5 13.a4 a6 14.Rb1 Rb8 15.Ba3 Re8
16.Bc5 Na5 17.e4 Ne7 18.Rfd1 c6 19.axb5 axb5 20.h4 h6 21.Qc3 Nb7 22.Ba3 Ra8
23.Rd2 Ra4 24.d5 exd5 25.exd5 Nxd5 26.Bxd5 cxd5 27.Rxb5 Qa8 28.Bb2 f6 29.Rdxd5 Nd8
30.Rd7 Qc6 31.Rbd5 Nf7 32.a3 Ra7 33.Rxa7 Qxd5 34.Ra4 Qd1+  0-1

[Event "CSR-ch"]
[Site "Prague"]
[Date "1992.??.??"]
[Round "2"]
[White "Jirovsky, Pavel"]
[Black "Dolezal, Martin"]
[Result "1/2-1/2"]
[WhiteElo "2290"]
[BlackElo "2275"]

1.d4 d5 2.c4 e6 3.Nf3 Nf6 4.g3 Be7 5.Bg2 O-O 6.O-O dxc4 7.Qc2 c5 8.dxc5 Nbd7
9.c6 bxc6 10.Nd4 Bb7 11.Nxc6 Bxc6 12.Bxc6 Rc8 13.Bg2 Qc7 14.Nc3 Nb6 15.Bf4 e5
16.Be3 Ng4 17.Bxb6 axb6 18.Nd5 Qc5 19.Nxe7+ Qxe7 20.Rfd1 Qc5 21.e3 Nf6 22.a4 g6
23.Qc3 Rc7 24.h3 Rfc8 25.b3 cxb3 26.Qxb3 Kg7 27.Qb2 Nd7 28.h4 Qe7 29.Bh3 f5
30.Bg2 Rc5 31.Rd2 R8c7 32.e4 f4 33.gxf4 Qxh4 34.fxe5 Nxe5 35.Rd5 Qf6 36.Rb1 Rxd5
37.exd5 Nd7 38.Qxf6+ Kxf6 39.Bh3 Nc5 40.Rxb6+ Ke5 41.Bg2 Nxa4 42.Re6+ Kf5
43.Kh2 Nc5 44.Re3 Kf6 45.Bh3 Re7 46.Rc3 Ne4 47.Rc2  1/2-1/2

[Event "Bohemians (Women)"]
[Site "Prague"]
[Date "1992.??.??"]
[Round "4"]
[White "Eretova, Kveta"]
[Black "Van Parreren, Hanneke"]
[Result "1/2-1/2"]
[WhiteElo "2130"]
[BlackElo "2135"]

1.d4 d5 2.Nf3 Nf6 3.c4 e6 4.g3 Be7 5.Bg2 O-O 6.O-O b6 7.Ne5 Bb7 8.Qa4 Qe8
9.Qc2 Na6 10.Nc3 c5 11.e3 Qc8 12.cxd5 exd5 13.Bd2 Nc7 14.Rac1 Ne6 15.Qd1 Qd8
16.Qa4 Qe8 17.Qxe8 Rfxe8 18.Rfd1 cxd4 19.exd4 Nxd4 20.Bg5 Ne6 21.Bxf6 Bxf6
22.f4 Bxe5 23.fxe5 Nc7 24.Nxd5 Nxd5 25.Bxd5 Bxd5 26.Rxd5 Re7 27.Kf2 h6  1/2-1/2

[Event "Prague DDM-C"]
[Site "Prague"]
[Date "1992.??.??"]
[Round "4"]
[White "Liebert, Heinz"]
[Black "Chloupek, Stanislav"]
[Result "1/2-1/2"]
[WhiteElo "2380"]
[BlackElo "2305"]

1.c4 Nf6 2.Nf3 e6 3.g3 d5 4.d4 Be7 5.Bg2 O-O 6.O-O dxc4 7.Qc2 a6 8.Qxc4 b5
9.Qc2 Bb7 10.Bf4 Nd5 11.Nc3 Nxf4 12.gxf4 Nd7 13.Ne4 Nf6 14.Nc5 Bxc5 15.Qxc5 Qd6
16.Rac1 Rac8 17.Ne5 Bxg2 18.Kxg2 Nd5 19.Qxd6 cxd6 20.Nd3  1/2-1/2

[Event "Bohemians (Women)"]
[Site "Prague"]
[Date "1992.??.??"]
[Round "6"]
[White "Mozna Hojdarova, Eva"]
[Black "Palatkova, Eliska"]
[Result "1/2-1/2"]
[WhiteElo "2115"]
[BlackElo "2005"]

1.Nf3 Nf6 2.c4 e6 3.d4 d5 4.g3 Be7 5.Bg2 O-O 6.O-O Nbd7 7.b3 b6 8.cxd5 exd5
9.Bb2 Bb7 10.Nc3 Rc8 11.Rc1 Re8 12.Qd3 c6 13.Rfd1 Bd6 14.Nd2 Bf8 15.e4 dxe4
16.Ndxe4 Nd5 17.Nxd5  1/2-1/2

[Event "CSR-ch"]
[Site "Prague"]
[Date "1992.??.??"]
[Round "6"]
[White "Stohl, Igor"]
[Black "Cech, Pavel"]
[Result "1-0"]
[WhiteElo "2560"]
[BlackElo "2315"]

1.Nf3 e6 2.c4 Nf6 3.g3 d5 4.d4 Be7 5.Bg2 O-O 6.O-O dxc4 7.Qc2 a6 8.a4 c5
9.dxc5 Nc6 10.Na3 Bxc5 11.Nxc4 Qe7 12.Nce5 Nxe5 13.Nxe5 Nd5 14.Nd3 Bd6 15.Bd2 Nf6
16.Rfc1 e5 17.Nc5 h6 18.h3 Rb8 19.a5 b6 20.axb6 Rxb6 21.Be3 Rb5 22.Nxa6 e4
23.Nc5 Bf5 24.Nb3 Bg6 25.Ra7 Rb7 26.Rxb7 Qxb7 27.Bd4 Rb8 28.Na5 Qd5 29.Nc6 Rc8
30.e3 Qf5 31.b4 h5 32.Be5 Bb8 33.Ne7+  1-0

[Event "Prague DDM-C"]
[Site "Prague"]
[Date "1992.??.??"]
[Round "7"]
[White "Chloupek, Stanislav"]
[Black "Sandmeier, Toni"]
[Result "1-0"]
[WhiteElo "2330"]
[BlackElo "2250"]

1.d4 Nf6 2.c4 e6 3.g3 d5 4.Bg2 Be7 5.Nf3 O-O 6.O-O Nbd7 7.Qc2 c6 8.Nbd2 Re8
9.e4 dxe4 10.Nxe4 Nxe4 11.Qxe4 Bf6 12.Ne5 a5 13.Be3 a4 14.Rfd1 Qc7 15.Bf4 Qb6
16.Rd2 Nf8 17.Rad1 Ng6 18.Be3 Qc7 19.f4 Bd7 20.Bf2 Rad8 21.Qc2 Qa5 22.Be4 Bc8
23.c5 Nf8 24.Nc4 Qa6 25.a3 g5 26.Nd6 Re7 27.Bd3 Qa7 28.Ne4 Bg7 29.fxg5 Kh8
30.Nd6 Red7 31.Be4 Qa5 32.Qc3 Qc7 33.Be3 Rxd6 34.cxd6 Qxd6 35.Bf4 Qe7 36.h4 Nd7
37.Bc2 c5 38.Be5 Nxe5 39.dxe5 Rxd2 40.Qxd2  1-0

[Event "Prague DDM-C"]
[Site "Prague"]
[Date "1992.??.??"]
[Round "9"]
[White "Liebert, Heinz"]
[Black "Trichkov, Vasil"]
[Result "1-0"]
[WhiteElo "2380"]
[BlackElo "2380"]

1.c4 Nf6 2.Nf3 e6 3.g3 d5 4.d4 Be7 5.Bg2 O-O 6.O-O dxc4 7.Qc2 a6 8.Qxc4 b5
9.Qc2 Bb7 10.Bf4 Nc6 11.Nc3 Nb4 12.Qd2 c5 13.a3 Nbd5 14.dxc5 Nxf4 15.Qxf4 Bxc5
16.Ng5 Bxg2 17.Kxg2 Nd5 18.Nxd5 Qxd5+ 19.Nf3 Bd6 20.Qe3 Bc5 21.Qc3 Rac8 22.Rfd1 Qb7
23.Qb3 h6 24.Kg1 Qe4 25.Qd3 Qxd3 26.Rxd3 Be7 27.Rd2 Rfd8 28.Rad1 Rxd2 29.Rxd2 Bf6
30.Kg2 Kf8 31.Ne1 Ke7 32.Nd3 a5 33.f4 g5 34.Kf3 Rc4 35.e3 h5 36.fxg5 Bxg5
37.h4 Bf6 38.Nf4 Rc5 39.Ke2 a4 40.Nd3 Rc4 41.Nf4 b4 42.Nxh5 Be5 43.Nf4 b3
44.Kd3 Rc1 45.Ne2 Rc8 46.g4 Rg8 47.g5 Rh8 48.Nd4 Bxd4 49.exd4 Rxh4 50.Kc4 Rg4
51.Kb4 e5 52.Kxa4 e4 53.Kxb3 Rxg5 54.Kc4 Kd6 55.Rh2 f6 56.a4 Rg1 57.Rf2 Rc1+
58.Kb5 Ke6 59.a5 f5 60.a6 Kf6 61.a7 Ra1 62.Kb6 Kg5 63.d5 e3 64.Rh2 f4 65.d6 Kf6
66.Rh6+ Kf7 67.Rh4 Ke6 68.Rxf4 Kxd6 69.Kb7 e2 70.Re4 Ra4 71.Rxe2 Rb4+ 72.Ka6 Ra4+
73.Kb6 Kd7 74.Re5 Kc8 75.Rc5+ Kd7 76.Ra5  1-0

[Event "Protvino"]
[Site "Protvino"]
[Date "1992.??.??"]
[Round "?"]
[White "Donchenko, Anatoly G"]
[Black "Zakharov, Alexander V"]
[Result "1-0"]
[WhiteElo "2385"]
[BlackElo "2365"]

1.Nf3 Nf6 2.c4 e6 3.g3 d5 4.Bg2 Be7 5.d4 O-O 6.O-O dxc4 7.Na3 Bxa3 8.bxa3 Nc6
9.Bb2 Rb8 10.Qc2 b5 11.e4 Rb6 12.Rad1 Ne7 13.Rfe1 Bb7 14.Ne5 Qa8 15.a4 a6
16.Bc3 b4 17.a5 Rb5 18.a4 bxa3 19.Nxc4 a2 20.Na3 Rh5 21.f3 c5 22.Nc4 cxd4
23.Bxd4 Nc6 24.Bb6 Rb5 25.Qxa2 Nb4 26.Qf2 Bc6 27.Nd6 Nd7 28.Nxb5 Bxb5 29.Rxd7 Bxd7
30.Qd2  1-0

[Event "CRO-Cup"]
[Site "Pula"]
[Date "1992.??.??"]
[Round "9"]
[White "Hulak, Krunoslav"]
[Black "Barle, Janez"]
[Result "1-0"]
[WhiteElo "2515"]
[BlackElo "2430"]

1.d4 Nf6 2.c4 e6 3.g3 d5 4.Bg2 Be7 5.Nf3 O-O 6.O-O Ne4 7.Nc3 f5 8.Qb3 Kh8
9.Ne5 c6 10.f3 Nxc3 11.bxc3 Nd7 12.Nxd7 Qxd7 13.e4 b5 14.cxd5 cxd5 15.exd5 exd5
16.f4 Bb7 17.Ba3 Rfe8 18.Rae1 Bf6 19.Bc5 a5 20.h4 Rxe1 21.Rxe1 Re8 22.Rxe8+ Qxe8
23.Kf2 h6 24.a4 g5 25.hxg5 hxg5 26.Qxb5 Qf7 27.Bd6 Qe6 28.Qxb7 Qxd6 29.Qxd5 Qxd5
30.Bxd5 gxf4 31.gxf4 Kg7 32.Ke3 Be7 33.c4 Ba3 34.Kd3 Bc1 35.c5 Bxf4 36.Kc4 Kf6
37.Bb7 Be3 38.d5 Bd2 39.d6 Ke5 40.Kb5 Be3 41.Kb6 Bg5 42.Kxa5 f4 43.Kb5  1-0

[Event "Reno op"]
[Site "Reno"]
[Date "1992.??.??"]
[Round "2"]
[White "Orlov, Georgi"]
[Black "Martinovsky, Eugene"]
[Result "1-0"]
[WhiteElo "2490"]
[BlackElo "2280"]

1.d4 d5 2.Nf3 Nf6 3.c4 e6 4.g3 Be7 5.Bg2 O-O 6.O-O dxc4 7.Nc3 c5 8.dxc5 Qa5
9.Qd4 Qxc5 10.Qxc5 Bxc5 11.Ne5 Rd8 12.Bf4 Nfd7 13.Rfd1 f6 14.Nxc4 g5 15.Bd6 Na6
16.Ne4 Bxd6 17.Rxd6 Rb8 18.Nxf6+ Kf7 19.Nxh7 Rg8 20.Rxd7+ Bxd7 21.Ne5+ Ke7
22.Nxd7 Kxd7 23.Nf6+ Kc7 24.Rc1+ Kb6 25.Nd7+ Kb5 26.Nxb8 Rxb8 27.e3 Nc5 28.Bf1+ Kb6
29.Rc4 Rd8 30.b4 Nd3 31.Bxd3 Rxd3 32.a4 Ra3 33.a5+ Kb5 34.Rc7 Kxb4 35.Rxb7+ Kc4
36.Rxa7 Kd3 37.Re7 Rxa5 38.Rxe6 Rf5 39.Kf1 Ra5 40.Rd6+ Ke4 41.Kg2 Ra2 42.Rd4+ Kf5
43.h4  1-0

[Event "Robecchetto"]
[Site "Robecchetto"]
[Date "1992.??.??"]
[Round "?"]
[White "Barlocco, Carlo"]
[Black "Bellini, Fabio"]
[Result "0-1"]
[WhiteElo "2340"]
[BlackElo "2340"]

1.Nf3 d5 2.d4 e6 3.g3 Nf6 4.Bg2 Be7 5.c4 O-O 6.Nc3 dxc4 7.O-O c5 8.dxc5 Qa5
9.Qd4 Nc6 10.Qxc4 Qxc5 11.Qxc5 Bxc5 12.Bf4 Bd7 13.Rfd1 Rfd8 14.Rd2 Be8 15.Rad1 Rxd2
16.Rxd2 h6 17.h3 Bb4 18.g4 Nd5 19.Be5 Nxe5 20.Nxe5 Nxc3 21.a3 Nb1 22.Rd1 Nxa3
23.bxa3 Bxa3 24.Bxb7 Rb8 25.Bf3 Rc8 26.Rd3 Bb2 27.Re3 a5 28.Nd3 Bc3 29.Re4 a4
30.Nc1 Bd2 31.Na2 Rc2 32.Rd4 Kf8 33.Nb4 Bxb4 34.Rxb4 a3 35.Rb1 a2 36.Ra1 Bb5
37.e3 Bd3 38.Kg2 Ke7 39.Kg3 Kd6 40.e4 e5 41.Bd1 Rb2 42.f4 exf4+ 43.Kxf4 Rb1
44.Rxa2 Rxd1 45.Ra8 Rf1+ 46.Ke3 Bc4 47.h4 Be6 48.Rg8 g6 49.Rh8 Bxg4 50.Rxh6 Ke5
51.Rh7 Re1+  0-1

[Event "ARG-chT"]
[Site "Salta"]
[Date "1992.??.??"]
[Round "1"]
[White "Scarella, Enrique"]
[Black "Mendez, Gustavo"]
[Result "1-0"]
[WhiteElo "2255"]
[BlackElo "2310"]

1.d4 d5 2.c4 e6 3.Nf3 Nf6 4.g3 Be7 5.Bg2 O-O 6.O-O dxc4 7.Qc2 Nbd7 8.Nbd2 c5
9.Nxc4 Nd5 10.Rd1 b5 11.Ne3 c4 12.a4 bxa4 13.Nxc4 Bb7 14.Qxa4 N7b6 15.Qb3 Nb4
16.Nxb6 axb6 17.Rxa8 Qxa8 18.Ne1 Bxg2 19.Nxg2 Qe4 20.Nf4 g5 21.f3 Qc6 22.Nd3 Qc2
23.Qxc2 Nxc2 24.e3 Ra8 25.Bd2 Na1 26.Bc3 Nb3 27.Ne5 b5 28.Nc6 Bf8 29.d5 Ra1
30.Rxa1 Nxa1 31.dxe6 fxe6 32.Nd8 Nc2 33.Nxe6 Nxe3 34.Nxg5 b4 35.Bd4 Nf5 36.Be5 Bc5+
37.Kf1 Ne3+ 38.Ke2 Nc4 39.Bf6 h6 40.Ne4 Bg1 41.Kd3 Na5 42.Bd4 Bxh2 43.Bf2 Kg7
44.Nd2 Kg6 45.Nf1  1-0

[Event "ARG-chT"]
[Site "Salta"]
[Date "1992.??.??"]
[Round "2"]
[White "Costianosky, Ricardo"]
[Black "Dorin, Mauricio"]
[Result "1-0"]
[WhiteElo "2300"]
[BlackElo "2295"]

1.c4 Nf6 2.Nf3 e6 3.g3 d5 4.d4 Be7 5.Bg2 O-O 6.O-O b6 7.Qc2 Bb7 8.Rd1 c6
9.b3 Na6 10.Nc3 Rc8 11.Ne5 Qe8 12.Bb2 c5 13.e3 Bd6 14.Qe2 Qe7 15.cxd5 exd5
16.Rac1 Nc7 17.Nb5 Nxb5 18.Qxb5 Rfd8 19.Nd3 Bc6 20.Qa6 Ne4 21.dxc5 bxc5 22.Nb4 Bb7
23.Nxd5 Bxa6 24.Nxe7+ Bxe7 25.Bxe4 Be2 26.Rd5 Bg4 27.Ba3 Rxd5 28.Bxd5 Be6
29.Bxe6 fxe6 30.Kf1 Kf7 31.Ke2 Rc6 32.Rc2 Ra6 33.Bc1 Bf6 34.Kd3 Ke7 35.Kc4 Kd6
36.Bb2 Kc6 37.Bc3 Bxc3 38.Kxc3 Rb6 39.Rd2 Rb8 40.e4 Kc7 41.e5 g5 42.Kc4 Rb4+
43.Kxc5 Re4 44.Rc2 h5 45.f3 Re1 46.Kd4+ Kb6 47.f4 gxf4 48.gxf4 Rf1 49.Ke3 h4
50.Rf2 Rg1 51.Rd2 Kc5 52.Kf2 Rg7 53.Rd6 h3 54.Rxe6 Rg2+ 55.Kf3 Rxh2 56.Rh6 Kd5
57.Kg3 Rxa2 58.Rxh3 Ke4 59.e6 Kf5 60.e7 Re2 61.Rh5+ Kf6 62.Re5  1-0

[Event "San Bernardino op"]
[Site "San Bernardino"]
[Date "1992.??.??"]
[Round "5"]
[White "Summermatter, Daniel"]
[Black "Dutreeuw, Marc"]
[Result "1/2-1/2"]
[WhiteElo "2350"]
[BlackElo "2425"]

1.d4 d5 2.c4 e6 3.Nf3 Nf6 4.g3 Be7 5.Bg2 O-O 6.O-O dxc4 7.Qc2 a6 8.Qxc4 b5
9.Qc2 Bb7 10.Bd2 Bd5 11.Qc1 Qc8 12.Nc3 Bc6 13.Qc2 Qb7 14.Rac1 Rc8 15.Rfe1 b4
16.Na4 Be4 17.Nc5 Bxc5 18.Qxc5 a5 19.Qe7 Nc6 20.Qc5 Bd5 21.Nh4 Bxg2 22.Nxg2 Ra6
23.Be3 Nd5 24.Qc4 Nb8 25.Qd3 Nd7 26.Bd2 c5 27.e4 N5f6 28.dxc5 Rac6 29.Be3 h6
30.f3 Nxc5 31.Qe2 b3 32.axb3 Nxb3 33.Rxc6 Rxc6 34.Rd1 Nd7 35.Ne1 Ne5 36.Nd3 Nc4
37.Nc5 Nxc5  1/2-1/2

[Event "Santiago op"]
[Site "Santiago de Chile"]
[Date "1992.??.??"]
[Round "9"]
[White "Scarella, Enrique"]
[Black "Duarte, Marcelo R"]
[Result "1/2-1/2"]
[WhiteElo "2255"]
[BlackElo "2375"]

1.c4 Nf6 2.Nf3 e6 3.g3 d5 4.Bg2 Be7 5.d4 O-O 6.O-O Nbd7 7.Qc2 c6 8.Nbd2 a5
9.e4 dxe4 10.Nxe4 Nxe4 11.Qxe4 a4 12.Rd1 Qa5 13.Bd2 Qh5 14.Bc3 Bf6 15.Ne5 Be7
16.Bf3 Qh3 17.Re1 Nxe5 18.dxe5 Rd8 19.Rad1 Bd7 20.Qe2 Be8 21.Bd2 g5 22.Bg4 Qh6
23.h4 c5 24.Bxg5 Bxg5 25.hxg5 Qxg5 26.Bf3 Bc6 27.Rd6 Rac8 28.Red1 Bxf3 29.Qxf3 Rf8
30.Qe4 Qf5 31.Qxf5 exf5 32.Rd7 b5 33.cxb5 Rb8 34.Rc7 Rxb5 35.e6 fxe6 36.Rdd7 Ra8
37.Rg7+ Kh8 38.Rxh7+ Kg8 39.Kg2 Rxb2 40.Kf3 Rb4 41.Rhg7+  1/2-1/2

[Event "Sao Paulo op"]
[Site "Sao Paulo"]
[Date "1992.??.??"]
[Round "?"]
[White "Segal, Alexandru Sorin"]
[Black "Zarnicki, Pablo"]
[Result "0-1"]
[WhiteElo "2315"]
[BlackElo "2385"]

1.d4 Nf6 2.Nf3 e6 3.g3 d5 4.Bg2 Be7 5.c4 O-O 6.O-O dxc4 7.Ne5 Nc6 8.Bxc6 bxc6
9.Nxc6 Qe8 10.Nxe7+ Qxe7 11.Qc2 c5 12.Qxc4 cxd4 13.Qxd4 e5 14.Qh4 Rb8 15.Nc3 Rb4
16.e4 Qb7 17.Re1 Bf5 18.f3 Be6 19.Qg5 Nd7 20.Qe3 f5 21.exf5 Bxf5 22.b3 Rd4
23.Ne4 Bxe4 24.fxe4 Nf6 25.Ba3 Rfd8 26.Bc5 Rxe4 27.Qf2 Rxe1+ 28.Rxe1 Ne4
29.Qe3 Nd2 30.Kf2 Qf7+ 31.Kg2 Qd5+ 32.Kf2 Rd7 33.Ke2 Ne4 34.Rc1 Nxc5 35.Qxc5 Qg2+
36.Ke3 Qd2+ 37.Ke4 Qd3+ 38.Kxe5 Qe2+ 39.Kf4 Rf7+ 40.Kg5 h6+ 41.Kh4 Qxh2+
42.Kg4 h5+ 43.Kg5 Qxg3+ 44.Kxh5 g6+  0-1

[Event "Shenzhen"]
[Site "Shenzhen"]
[Date "1992.??.??"]
[Round "5"]
[White "Petrosian, Arshak B"]
[Black "Liang Jinrong"]
[Result "1/2-1/2"]
[WhiteElo "2460"]
[BlackElo "2480"]

1.d4 d5 2.c4 e6 3.Nf3 Be7 4.g3 Nf6 5.Bg2 O-O 6.Qc2 c5 7.O-O cxd4 8.Nxd4 Nc6
9.Nxc6 bxc6 10.Rd1 Ba6 11.b3 Qb6 12.Be3 Bc5 13.Bxc5 Qxc5 14.Nd2 Ng4 15.e3 Rfd8
16.Qc3 Qa3 17.Rdc1 Nf6 18.Nb1 Qc5 19.cxd5 Qxc3 20.Nxc3 cxd5 21.Na4 Bb5 22.Nc5 a5  1/2-1/2

[Event "Alekhine op"]
[Site "Smolensk"]
[Date "1992.??.??"]
[Round "7"]
[White "Zilberstein, Valery I"]
[Black "Furman, Boris"]
[Result "1/2-1/2"]
[WhiteElo "2285"]
[BlackElo "2230"]

1.d4 Nf6 2.c4 e6 3.g3 d5 4.Nf3 Be7 5.Bg2 O-O 6.Qc2 a6 7.Nbd2 dxc4 8.Nxc4 Nc6
9.e3 Nb4 10.Qe2 b5 11.Nce5 Bb7 12.O-O c5 13.dxc5 Bxc5 14.Bd2 Qb6 15.Rfc1 Rac8
16.a3 Nc6 17.Nxc6 Bxc6 18.Bc3 Be7 19.Nd2 Bxg2 20.Kxg2 Qb7+ 21.Qf3 Qxf3+ 22.Kxf3 Nd5
23.Bd4 Bf6 24.Bxf6 Nxf6 25.Nb3 Nd7 26.Ke2 Nb6 27.Nc5 Ra8 28.Rc2 Rfd8 29.Rac1 Kf8
30.Nd3 Ke7 31.Nb4 Rd7 32.Rc6 Nc4 33.b3 Na5 34.Rxa6 Rxa6 35.Nxa6 Nxb3 36.Rb1  1/2-1/2

[Event "BUL-ch sf"]
[Site "Sofia"]
[Date "1992.??.??"]
[Round "5"]
[White "Andonov, Bogomil"]
[Black "Ninov, Nikolai"]
[Result "1/2-1/2"]
[WhiteElo "2335"]
[BlackElo "2370"]

1.Nf3 d5 2.c4 e6 3.g3 Nf6 4.Bg2 Be7 5.d4 O-O 6.Qc2 c6 7.Nbd2 b6 8.O-O Bb7
9.e4 dxc4 10.Nxc4 c5 11.e5 Nd5 12.dxc5 bxc5 13.h4 Nb4 14.Qe2 Qd3 15.Qxd3 Nxd3
16.Bg5 Bxg5 17.Nxg5 Bxg2 18.Kxg2 Nd7 19.f4 Nb6 20.b3 Nxc4 21.bxc4 Rab8 22.Rab1 Nb2
23.Rfc1 Rb4 24.Ne4 Rc8 25.Nd6 Rcb8 26.Rc3 h5 27.Ra1 Kf8 28.Rb3 R8b6 29.Rb1 Rxb3
30.axb3 Rxb3 31.Ra1 f6 32.exf6 gxf6 33.Rxa7 Rd3 34.Ne4 Nxc4 35.Nxc5 Rd2+
36.Kf3 Kg8 37.Ne4 Rd3+ 38.Kf2 f5 39.Nf6+ Kf8 40.Nxh5 Nd6 41.Nf6 Rd2+ 42.Kf3 Rd3+
43.Kg2 Rd2+ 44.Kh3 Nf7 45.Nd7+ Kg8 46.Rc7 Re2 47.Rc5 Kg7 48.Ne5 Kf6 49.Nxf7 Kxf7
50.Re5 Rd2 51.Re1 Kf6 52.h5 Rc2 53.h6 Rc6 54.g4 fxg4+ 55.Kxg4 Kg6 56.Rh1 Kh7
57.Rh4 Rc5 58.Rh5 Rc1 59.Re5 Kxh6 60.Rxe6+ Kg7 61.Kg5 Kf7 62.Rf6+ Kg7 63.Ra6 Rg1+
64.Kf5 Rf1 65.Ra7+ Kf8 66.Kg5 Rb1 67.f5 Rb6 68.Ra5 Kf7 69.Ra7+ Kf8 70.Rh7 Kg8
71.Re7 Kf8 72.Rd7 Ra6 73.Rd1 Kf7 74.Rb1 Rc6 75.Rb7+ Kf8 76.Kf4 Ra6 77.Ke5 Ra5+
78.Kf6 Ra6+ 79.Kg5 Rc6 80.Rd7 Ra6 81.Rh7 Rb6 82.Rh8+ Kg7 83.Rd8 Rg6+ 84.Kf4 Ra6  1/2-1/2

[Event "St Martin op"]
[Site "St Martin"]
[Date "1992.??.??"]
[Round "4"]
[White "Gurevich, Dmitry"]
[Black "Chin Alein, H."]
[Result "1-0"]
[WhiteElo "2515"]
[BlackElo "2205"]

1.d4 Nf6 2.c4 e6 3.g3 d5 4.Bg2 Be7 5.Nf3 O-O 6.O-O b6 7.Nc3 Bb7 8.cxd5 exd5
9.Bf4 Na6 10.Rc1 c5 11.Ne5 Re8 12.dxc5 Nxc5 13.Nb5 Nh5 14.Be3 a6 15.Nd4 Bf8
16.Ndc6 Qd6 17.Qxd5 Qc7 18.b4 Nf6 19.Qxf7+ Qxf7 20.Nxf7 Ncd7 21.Ng5 h6 22.Nh3 g5
23.Rfd1 Rac8 24.Ne7+ Bxe7 25.Bxb7 Rxc1 26.Bxc1 Bxb4 27.Bxa6 Re7 28.Kg2 Ne4
29.Bb2 Nc3 30.Rd4 Bc5 31.Bxc3 Bxd4 32.Bxd4 Nc5 33.Bc4+ Kf8 34.e3 Rb7 35.f4 g4
36.Nf2 h5 37.h3 gxh3+ 38.Kxh3 Na4 39.Ne4  1-0

[Event "St Petersburg"]
[Site "St Petersburg"]
[Date "1992.??.??"]
[Round "?"]
[White "Naumkin, Igor"]
[Black "Savchenko, Stanislav"]
[Result "1/2-1/2"]
[WhiteElo "2460"]
[BlackElo "2500"]

1.d4 d5 2.c4 e6 3.Nf3 Nf6 4.g3 Be7 5.Bg2 O-O 6.O-O dxc4 7.Qc2 a6 8.Qxc4 b5
9.Qc2 Bb7 10.Bd2 Be4 11.Qc1 Bd5 12.Qc2 Be4  1/2-1/2

[Event "Rilton Cup"]
[Site "Stockholm"]
[Date "1992.??.??"]
[Round "1"]
[White "Bator, Robert"]
[Black "Henriksson, J."]
[Result "1-0"]
[WhiteElo "2345"]
[BlackElo "2210"]

1.d4 Nf6 2.Nf3 e6 3.c4 d5 4.g3 Be7 5.Bg2 O-O 6.O-O c6 7.Nbd2 Nbd7 8.b3 Re8
9.Bb2 b6 10.Qc2 Bb7 11.e4 dxe4 12.Nxe4 c5 13.Nxf6+ Bxf6 14.Ng5 Bxg2 15.Qxh7+ Kf8
16.d5 Bxb2 17.d6 Nf6 18.Qh8+ Ng8 19.Nh7+  1-0

[Event "Rilton Cup"]
[Site "Stockholm"]
[Date "1992.??.??"]
[Round "7"]
[White "Kinsman, Andrew PH"]
[Black "Stefansson, Hannes"]
[Result "0-1"]
[WhiteElo "2340"]
[BlackElo "2445"]

1.Nf3 Nf6 2.c4 e6 3.g3 d5 4.d4 Be7 5.Bg2 O-O 6.O-O dxc4 7.Na3 Bxa3 8.bxa3 b5
9.Ng5 c6 10.e4 h6 11.e5 Nd5 12.Ne4 f5 13.exf6 Nxf6 14.Nxf6+ Qxf6 15.Bf4 Qe7
16.a4 Bb7 17.Re1 Na6 18.axb5 cxb5 19.Bxb7 Qxb7 20.Rxe6 Nb4 21.Bxh6 Qf7 22.Qg4 Qxf2+
23.Kh1 Qf3+ 24.Qxf3 Rxf3 25.Bf4 Nd3 26.Bg5 Rc8 27.d5 Rf5 28.d6 Nc5 29.d7 Nxd7
30.h4 Ne5 31.Re7 c3 32.g4 Nxg4 33.Rxa7 c2 34.Kg2 Rc3 35.Ra8+ Kh7  0-1

[Event "SWZ-ch int"]
[Site "?"]
[Date "1992.??.??"]
[Round "8"]
[White "Horvath, Jozsef"]
[Black "Huss, Andreas"]
[Result "1/2-1/2"]
[WhiteElo "2505"]
[BlackElo "2385"]

1.d4 e6 2.c4 Nf6 3.g3 d5 4.Bg2 Be7 5.Nf3 O-O 6.O-O Nbd7 7.Qc2 c6 8.b3 b6
9.Rd1 Ba6 10.Nbd2 Rc8 11.e4 Qc7 12.Bb2 Rfd8 13.Rac1 Qb8 14.Qb1 Bb7 15.Ng5 h6
16.Nh3 dxe4 17.Nxe4 c5 18.Nxf6+ Nxf6  1/2-1/2

[Event "Tampere"]
[Site "Tampere"]
[Date "1992.??.??"]
[Round "4"]
[White "Veingold, Aleksandr"]
[Black "Nokso Koivisto, Antti"]
[Result "1-0"]
[WhiteElo "2465"]
[BlackElo "2330"]

1.d4 d5 2.Nf3 Nf6 3.c4 e6 4.g3 Be7 5.Bg2 O-O 6.O-O dxc4 7.Qc2 a6 8.a4 Bd7
9.Qxc4 Bc6 10.Bg5 a5 11.Nc3 Na6 12.Rac1 Nb4 13.Rfe1 Nd7 14.Bxe7 Qxe7 15.Qb3 Rfc8
16.Qa3 Nb6 17.b3 Qf8 18.Qb2 N6d5 19.Qb1 Nxc3 20.Rxc3 Bxf3 21.Bxf3 c6 22.Rc5 Rd8
23.e3 Rd7 24.Rec1 Qd8 25.h4 Qf6 26.Kg2 h6 27.Be4 Rd6 28.Qb2 Qd8 29.Qe2 Qf6
30.Qg4 Qd8 31.Bb1 b6 32.R5c4 Rc8 33.Qe4 f5 34.Qf3 Qf6 35.e4 Rxd4 36.Rxd4 Qxd4
37.exf5 Rf8 38.Rd1 Qb2 39.Qe4 exf5 40.Qe6+ Kh8 41.Bxf5 Nd5 42.Re1 Qf6 43.Qxf6 gxf6
44.Re6 Nb4 45.Re7 Rd8 46.Rh7+ Kg8 47.Rb7 Kf8 48.Rxb6 Rd5 49.Be6 Rd2 50.Bc4 Ke7
51.Rb7+ Kd6 52.Rf7 Ke5 53.Re7+ Kf5 54.Kf3 h5 55.Bg8 Kg6 56.Bh7+ Kh6 57.Bf5  1-0

[Event "TaSY op"]
[Site "Tampere"]
[Date "1992.??.??"]
[Round "5"]
[White "Kiviaho, Allan"]
[Black "Laine, Panu"]
[Result "1/2-1/2"]
[WhiteElo "2240"]
[BlackElo "2220"]

1.Nf3 e6 2.c4 Nf6 3.g3 d5 4.d4 Be7 5.Bg2 dxc4 6.O-O O-O 7.Qa4 a6 8.Qxc4 b5
9.Qc2 Bb7 10.Nc3 Nbd7 11.Rd1 c5 12.dxc5 Bxc5 13.Ne5 Bxg2 14.Nxd7 Nxd7 15.Kxg2 Rc8
16.Qe4 Qc7 17.Bf4 Qa7 18.Bd6 Nf6 19.Qf3 Rfd8 20.Bxc5 Qxc5 21.Ne4 Nxe4 22.Qxe4 g6
23.Qb7 Rxd1 24.Rxd1 Qc6+ 25.Qxc6 Rxc6  1/2-1/2